| 000 | 01042nam0a22002411 4500 | ||
|---|---|---|---|
| 001 | rc\2676602 | ||
| 005 | 20260407052233.0 | ||
| 035 | _a(NLR Aleph) 006805036 | ||
| 090 |
_a6283620 _c6283620 |
||
| 100 | _a20110915d1932 |||y0rusy50 ca | ||
| 101 | 0 | _arus | |
| 102 | _aRU | ||
| 105 | _ay z ||||| | ||
| 200 | 1 |
_aЗа перестройку работы Российского объединения пролетарско-колхозных писателей (РОПКП) _fРос. орг-ция пролет.-колхоз. писателей (РОПКП) |
|
| 210 |
_aСаратов _cН-Волж. краев. изд-во _d1932 _gтип. № 2 Н.-В. крайполиграфтреста |
||
| 215 |
_a20 с., включ. тит. л. _d18х13 см. |
||
| 710 | 0 | 2 |
_aРоссийская организация пролетарско-колхозных писателей _3RU\NLR\AUTH\8810021748 _9541369 |
| 801 | 0 |
_aRU _bNLR _gpsbo |
|
| 801 | 1 |
_aRU _bELAR _2rusmarc |
|
| 852 |
_aNLR _j32-8/7100 |
||
| 942 | _cBOOK | ||
| 980 | _aNB | ||